000
00322nam a22001457a 4500
008
210305b ||||| |||| 00| 0 eng d
020
_a
0471064904
041
_a
eng
080
_a
004
082
_a
004
100
_a
28
101
_a
SHKI
245
_a
Microprocessors, Microcomputers
_c
Khambata, A.J
942
_2
udc
_c
BK
999
_c
55858
_d
55858